Most Viewed Football Players on Wikipedia - Statistics

General Stats
  • This quiz has been taken 794 times
  • The average score is 4 of 6
Answer Stats
Views Football Player % Correct
112 m Cristiano Ronaldo
100%
92 m Lionel Messi
100%
38 m Neymar
79%
44 m David Beckham
45%
39 m Zlatan Ibrahimovic
37%
31 m Wayne Rooney
33%
No matching quizzes found
Score Distribution
Percent of People with Each Score
Percentile by Number Answered
Your Score History
You have not taken this quiz